[Event "AUTO-OPEN-3568"]
[Site "http://www.queenalice.com/game.php?id=1393641"]
[Date "2015.11.12"]
[Round "1"]
[White "decoxadrez"]
[Black "Fran77"]
[Result "0-1"]
[WhiteElo "2018"]
[BlackElo "1569"]

1. e4 e5 2. Nf3 Nf6 3. Nxe5 d6 4. Nf3 Nxe4 5. d4 d5 6. Bd3 Bg4 7. O-O Be7 8. Re1
O-O 9. Bxe4 dxe4 10. Rxe4 Bxf3 11. Qxf3 f5 12. Re1 Nc6 13. c3 Re8 14. Bf4 Bd6
15. Nd2 Qh4 16. Bxd6 cxd6 17. Qd5+ Kh8 18. Nf3 Qf4 19. Rxe8+ Rxe8 20. Qf7 Rb8
21. Re1 h5 22. Qxh5+ Kg8 23. Ng5 Ne7 24. Qf7+ Kh8 25. Qxe7 Qd2 26. Nf3 Qxb2 27.
Qxd6 Rc8 28. Nh4 Qxc3 29. h3 Qxe1+ 30. Kh2 Qxf2 31. Nf3 Rc2 32. Qd8+ Kh7 33. Qg5
Qxf3 0-1

[Event "AUTO-OPEN-3568"]
[Site "http://www.queenalice.com/game.php?id=1393642"]
[Date "2015.11.12"]
[Round "1"]
[White "Fran77"]
[Black "decoxadrez"]
[Result "0-1"]
[WhiteElo "1617"]
[BlackElo "1999"]

1. e4 e5 2. Nf3 Nc6 3. Bb5 a6 4. Bxc6 dxc6 5. O-O Bg4 6. d3 Qf6 7. h3 Bh5 8. g4
Bg6 9. Bg5 Qe6 10. Nh4 Be7 11. Nxg6 hxg6 12. f4 Rxh3 13. f5 Qd6 14. Bxe7 Nxe7
15. Kg2 Rh8 16. Rh1 O-O-O 17. Rh3 Rxh3 18. Kxh3 gxf5 19. Qf3 fxe4 20. dxe4 Rh8+
21. Kg2 f6 22. Nc3 Qd2+ 23. Qf2 Rh2+ 24. Kxh2 Qxf2+ 25. Kh1 Ng6 26. Rg1 Nf4 0-1

[Event "AUTO-OPEN-3568"]
[Site "http://www.queenalice.com/game.php?id=1393671"]
[Date "2015.11.12"]
[Round "1"]
[White "Fran77"]
[Black "peonaislado"]
[Result "1-0"]
[WhiteElo "1443"]
[BlackElo "1593"]

1. e4 c5 2. Nf3 Nf6 3. d4 d6 4. e5 dxe5 5. Nxe5 e6 6. c3 Nc6 7. Bb5 Qd5 8. O-O
Be7 9. Qa4 Bd7 10. Bc4 Qd6 11. Bf4 O-O 12. g3 Nxe5 13. dxe5 Bxa4 14. exd6 b5 15.
dxe7 bxc4 16. exf8=Q+ Kxf8 17. Na3 Ke7 18. Nxc4 Bb5 19. b3 a5 20. Rfd1 Bxc4 21.
bxc4 h6 22. Bd6+ Ke8 23. Bxc5 Rc8 24. Bb6 Rxc4 25. Bxa5 Ng4 26. Rab1 Ke7 27.
Bd8+ Kf8 28. Rb8 Kg8 29. f3 Kh7 30. fxg4 Rxc3 31. Rb7 Ra3 32. Rxf7 Rxa2 33. Rdd7
Ra1+ 34. Kg2 Ra2+ 35. Kh3 Ra5 36. Rxg7+ Kh8 37. Bxa5 e5 38. Rge7 1-0

[Event "AUTO-OPEN-3568"]
[Site "http://www.queenalice.com/game.php?id=1393672"]
[Date "2015.11.12"]
[Round "1"]
[White "peonaislado"]
[Black "Fran77"]
[Result "1-0"]
[WhiteElo "1603"]
[BlackElo "1615"]

1. d4 d5 2. c4 Nf6 3. Nf3 Bg4 4. e3 e6 5. Nc3 dxc4 6. Bxc4 Bb4 7. O-O O-O 8. a3
Bd6 9. Be2 h6 10. Qd3 Bf5 11. e4 Bg6 12. Qe3 Ng4 13. Qd2 Nc6 14. e5 Be7 15. h3
Bg5 16. Qd1 Bxc1 17. Rxc1 Nxd4 18. hxg4 Nxe2+ 19. Nxe2 Bd3 20. Re1 Qd5 21. Nf4
Qa5 22. Qxd3 Rad8 23. Qe4 Qb6 24. Re2 f5 25. exf6 Rxf6 26. g5 hxg5 27. Nxg5 Rh6
28. Ngxe6 Re8 29. Rd1 c5 30. Qc4 Kh8 31. Qc3 Rh7 32. Rd7 Qc6 33. Ng6+ 1-0

[Event "AUTO-OPEN-3568"]
[Site "http://www.queenalice.com/game.php?id=1393673"]
[Date "2015.11.12"]
[Round "1"]
[White "Fran77"]
[Black "Givanildo"]
[Result "1-0"]
[WhiteElo "1535"]
[BlackElo "1715"]

1. e4 d5 2. Bd3 h6 3. Nf3 Bg4 4. O-O e6 5. Re1 Bc5 6. h3 Bxf3 7. Qxf3 dxe4 8.
Bxe4 c6 9. Qc3 Be7 10. Qxg7 Bf6 11. Qg3 Nd7 12. c4 Nc5 13. Bc2 Qe7 14. d4 Nd7
15. d5 cxd5 16. cxd5 e5 17. Nc3 Nc5 18. Nb5 Rd8 19. Rd1 Bh4 20. Qc3 Nf6 21. d6
Qd7 22. Qxe5+ Ne6 23. Ba4 Kf8 24. g3 Rg8 25. Bxh6+ Ng7 26. Nc7 Bxg3 27. Bxd7
Bxe5 28. Ne6+ fxe6 29. Bxe6 Rxd6 30. Bxg8 Kxg8 31. Rac1 Re6 32. f4 Bxb2 33. Rc7
Nf5 34. Rxb7 Bc3 35. Rc7 Ba5 36. Rc8+ Ne8 37. Rd5 Re1+ 38. Kf2 Nxh6 39. Rxa5 Re7
40. f5 Kf7 41. Rc6 Nf6 42. Rca6 Ne4+ 43. Kg2 Nxf5 44. Rxf5+ Ke8 45. h4 Rg7+ 46.
Kf3 Nd2+ 47. Kf4 Nc4 48. Rg5 Rf7+ 49. Rf5 Re7 50. h5 Ne3 51. Re5 Ng2+ 52. Ke4
Nh4 53. Rxa7 Rxe5+ 54. Kxe5 Nf3+ 55. Kd6 Ng5 56. h6 Nf7+ 57. Ke6 Nd8+ 58. Kf6
Nc6 59. Ra8+ Kd7 60. h7 Ne7 61. h8=Q Nc6 62. Qc8+ Kd6 63. Ra6 Kd5 64. Qxc6+ Kd4
65. Qe6 Kd3 66. Rd6+ Kc2 67. Qb3+ Kc1 68. Rd1# 1-0

[Event "AUTO-OPEN-3568"]
[Site "http://www.queenalice.com/game.php?id=1393674"]
[Date "2015.11.12"]
[Round "1"]
[White "Givanildo"]
[Black "Fran77"]
[Result "0-1"]
[WhiteElo "1638"]
[BlackElo "1294"]

1. d4 d5 2. Bf4 e6 3. a3 g5 4. Bg3 Nc6 5. c3 Nf6 6. e3 Bd6 7. Bxd6 Qxd6 8. g3 e5
9. h3 Ne4 10. dxe5 Nxe5 11. Nd2 Qb6 12. Nxe4 dxe4 13. b4 Bd7 14. a4 O-O-O 15. a5
Qf6 16. Be2 Nd3+ 17. Bxd3 Qxc3+ 18. Kf1 exd3 19. Nf3 g4 20. hxg4 Bxg4 21. Rh4 h5
22. Rc1 Bxf3 23. Rxc3 Bxd1 24. Rhc4 d2 25. Rxc7+ Kb8 26. b5 h4 27. a6 Bf3 28.
Rxb7+ Ka8 29. Rxa7+ Kxa7 30. Rc7+ Kb6 31. Rb7+ Ka5 32. Kg1 d1=Q+ 33. Kh2 Qh1#
0-1

[Event "Challenge"]
[Site "http://www.queenalice.com/game.php?id=1394720"]
[Date "2015.11.17"]
[Round "-"]
[White "tucuman"]
[Black "Fran77"]
[Result "1-0"]
[WhiteElo "1682"]
[BlackElo "1500"]

1. e4 d5 2. e5 Nc6 3. d4 f6 4. Bf4 g5 5. Bg3 fxe5 6. Bb5 Bd7 7. Bxc6 Bxc6 8.
Bxe5 Nf6 9. h3 Bg7 10. Bxf6 Bxf6 11. c3 e5 12. dxe5 Qe7 13. Ne2 Bxe5 14. O-O Bd6
15. Ng3 Bc5 16. Re1 O-O-O 17. Rxe7 Bxe7 18. Nd2 d4 19. cxd4 Rhf8 20. Qg4+ Bd7
21. Qe4 Bf6 22. Rb1 Bc6 23. Qc2 Bxd4 24. Rf1 Bb5 25. Nc4 Bxb2 26. Rb1 Bxc4 27.
Qxb2 Bd3 28. Qxb7+ Kd7 29. Rd1 1-0

[Event "Challenge"]
[Site "http://www.queenalice.com/game.php?id=1398998"]
[Date "2015.12.15"]
[Round "-"]
[White "Fran77"]
[Black "tucuman"]
[Result "0-1"]
[WhiteElo "1294"]
[BlackElo "1705"]

1. e4 e5 2. Nf3 d6 3. d4 exd4 4. Qxd4 Nc6 5. Bb5 Bd7 6. Qc4 a6 7. Bxc6 Bxc6 8.
O-O Nf6 9. Re1 Be7 10. Ng5 O-O 0-1

[Event "BROKEN WINGS IX"]
[Site "http://www.queenalice.com/game.php?id=1402355"]
[Date "2016.1.5"]
[Round "-"]
[White "perucona"]
[Black "Fran77"]
[Result "1-0"]
[WhiteElo "1313"]
[BlackElo "1501"]

1. e4 e5 2. Nf3 d6 3. Nc3 Bg4 4. h3 Be6 5. Bb5+ Bd7 6. Bxd7+ Qxd7 7. O-O Nc6 8.
d3 O-O-O 9. Bg5 f6 10. Bd2 h6 11. Re1 Nd4 12. Nxd4 exd4 13. Ne2 f5 14. exf5 Qxf5
15. Rf1 Be7 16. g4 Qf3 17. Qe1 Qxh3 18. f4 1-0

[Event "Challenge"]
[Site "http://www.queenalice.com/game.php?id=1405466"]
[Date "2016.1.21"]
[Round "-"]
[White "edemarc"]
[Black "Fran77"]
[Result "0-1"]
[WhiteElo "1441"]
[BlackElo "1545"]

1. e4 d5 2. e5 Nc6 3. d4 f6 4. exf6 Nxf6 5. f3 e5 6. c3 exd4 7. cxd4 Qe7+ 8. Ne2
Qb4+ 9. Nec3 Nxd4 10. a3 Qb3 11. Qxd4 c5 12. Bb5+ Bd7 13. Qe5+ Kf7 14. O-O Bxb5
15. Rf2 Re8 16. Qc7+ Nd7 17. h3 Re1+ 18. Rf1 Rxf1+ 19. Kh2 Rxc1 20. Qf4+ Nf6 21.
Qxc1 Qc4 22. Nd2 Bd6+ 23. g3 Qh4 24. Qg1 Bd7 25. Qg2 Nh5 26. Nf1 Nxg3 27. Nxg3
Re8 28. Rf1 a6 29. Nxd5 Re2 30. Qxe2 Qxg3+ 31. Kh1 Qxh3+ 32. Kg1 Bb5 33. Qg2
Bxf1 34. Kxf1 Qf5 35. Ne3 Qb1+ 36. Ke2 Qxb2+ 37. Kf1 Qxa3 38. Nf5 Qd3+ 39. Kf2
Qxf5 40. Qf1 Qc2+ 41. Ke3 Kf6 42. f4 Qc3+ 43. Ke2 Qc4+ 44. Kf2 Qxf1+ 45. Kxf1
Bxf4 46. Ke2 c4 47. Kf3 Kf5 48. Ke2 h5 49. Kd1 h4 50. Kc2 h3 51. Kc3 b5 52. Kb4
h2 53. Ka5 h1=Q 54. Kxa6 Qc6+ 55. Ka5 Bd2# 0-1

[Event "Challenge"]
[Site "http://www.queenalice.com/game.php?id=1408378"]
[Date "2016.2.9"]
[Round "-"]
[White "mysticchess"]
[Black "Fran77"]
[Result "1-0"]
[WhiteElo "1737"]
[BlackElo "1569"]

1. e4 e5 2. d3 Bc5 3. Nd2 Qf6 4. Ngf3 Ne7 5. Nb3 Bb6 6. Bg5 Qe6 7. c3 O-O 8. Be2
Ng6 9. Qc2 Nf4 10. Bxf4 exf4 11. d4 Qg6 12. Nh4 Qc6 13. Bf3 Re8 14. O-O Na6 15.
Rae1 Qc4 16. Be2 Qe6 17. Bf3 d6 18. Qd2 Qh6 19. Nf5 Bxf5 20. exf5 c5 21. Bxb7 g5
22. Bxa8 g4 23. Rxe8+ Kg7 24. Be4 1-0

[Event "Let's Play Chess!"]
[Site "http://www.queenalice.com/game.php?id=1408840"]
[Date "2016.2.12"]
[Round "-"]
[White "Fran77"]
[Black "igorjava"]
[Result "0-1"]
[WhiteElo "1548"]
[BlackElo "1904"]

1. e4 c5 2. c4 d6 3. Nc3 Nf6 4. d3 h6 5. Nf3 Bg4 6. Nb5 a6 7. Qa4 Nc6 8. Nbd4
Qc7 9. Nb5 Qc8 10. Nfd4 axb5 0-1

[Event "AUTO-OPEN-3638"]
[Site "http://www.queenalice.com/game.php?id=1418243"]
[Date "2016.4.14"]
[Round "1"]
[White "Fran77"]
[Black "Jackzapo"]
[Result "0-1"]
[WhiteElo "1624"]
[BlackElo "1996"]

1. e4 c5 2. Nf3 e6 3. c4 Qc7 4. Qa4 Nc6 5. d3 Nf6 6. Be3 d6 7. d4 cxd4 8. Nxd4
a6 9. Bd3 Bd7 10. Nb5 Qc8 0-1

[Event "AUTO-OPEN-3638"]
[Site "http://www.queenalice.com/game.php?id=1418244"]
[Date "2016.4.14"]
[Round "1"]
[White "Jackzapo"]
[Black "Fran77"]
[Result "1-0"]
[WhiteElo "1796"]
[BlackElo "1505"]

1. d4 d6 2. e4 Nf6 3. Nc3 d5 4. e5 Ne4 5. Nxe4 dxe4 6. Qe2 Qxd4 7. c3 Qxe5 8. f3
Bf5 9. Qe3 h5 10. Ne2 Nc6 11. Bd2 O-O-O 12. Ng3 exf3 13. Qxe5 Nxe5 14. Be3 1-0